00628nam a2200157 a 450000100100000000500170001000800410002704000250006810000460009324500410013926000590018030000300023904900090026995201750027899900170045300003357920240306073904.0110831s1937 dr 000 0 spa d aDO-SdBNPbspacBNPHU1 aAlfau Durán, Vetilio,d1909-198591009110aBolivar /cVetilio J. Alfau Durán. aHiguey, República Dominicana :bImp. Civismo,c1937. aAlfau Durán, Vetilio J. aBNPD 001050718RVaPDbPDcCTd2011-09-13iLF1l0o p33579-10r2020-06-25w2020-06-25y1zPerteneció a la biblioteca personal de Carlos Larrazábal Blanco.ZNo se presta c33070d33070